000 00638nam a2200241 a 4500
001 nice12345678
003 IN_TiNIC
005 20260116014713.0
008 120720s1997 pana grp 000 0 eng
020 _a8170582814
_c250
082 0 0 _a181.04
_bAUR
100 _aAurobindo, Sri
245 _aHuman Cycle
_b The Idea of Human Unity War and Self-Determination
260 _aPandicherry
_bSri Aurobindo Ashram
_c1997
300 _a689p
500 _aincludes index and biblioraphy
505 2 _aIndex
650 _aAurobindo-Philosophy
700 1 _aAurobindo, Sri
902 _bSRS
942 _cBK
999 _c16547
_d16547